K problematike výšky úrokov z omeškania v obchodnoprávnych vzťahoch
Analýza variantov doterajšej interpretácie dvanásť rokov platnej právnej úpravy výšky úrokov z omeškania v obchodnoprávnych vzťahoch. Závery na jej aplikáciu v právnej praxi podnikateľských subjektov v nasledujúcich rokoch. Výklad tejto problematiky z aspektu tohtoročnej nepriamej novely Obchodného...
Salvato in:
| Autore principale: | |
|---|---|
| Natura: | Capitolo di libro |
| Lingua: | slovacco |
| Soggetti: | |
| Tags: |
Nessun Tag, puoi essere il primo ad aggiungerne!!
|
MARC
| LEADER | 00000naa$a2200000$$$4500 | ||
|---|---|---|---|
| 001 | 0022886 | ||
| 005 | 20240502071415.2 | ||
| 041 | 0 | |a slo | |
| 044 | |a SK | ||
| 245 | 1 | 0 | |a K problematike výšky úrokov z omeškania v obchodnoprávnych vzťahoch |c Mikuláš Sabo |
| 520 | |a Analýza variantov doterajšej interpretácie dvanásť rokov platnej právnej úpravy výšky úrokov z omeškania v obchodnoprávnych vzťahoch. Závery na jej aplikáciu v právnej praxi podnikateľských subjektov v nasledujúcich rokoch. Výklad tejto problematiky z aspektu tohtoročnej nepriamej novely Obchodného zákonníka. | ||
| 610 | 2 | 0 | |a podnikatelia |
| 610 | 2 | 0 | |a zákonník obchodný |
| 610 | 2 | 0 | |a úrok z omeškania |
| 610 | 2 | 0 | |a vzťahy obchodné |
| 610 | 2 | 0 | |a vzťahy právne |
| 610 | 2 | 0 | |a osoby fyzické |
| 610 | 2 | 0 | |a osoby právnické |
| 610 | 2 | 0 | |a politika úverová |
| 610 | 2 | 0 | |a novelizácia |
| 100 | 1 | |a Sabo, Mikuláš | |